<?xml version="1.0" encoding="UTF-8"?>
<record
    xmlns:xsi="http://www.w3.org/2001/XMLSchema-instance"
    xsi:schemaLocation="http://www.loc.gov/MARC21/slim http://www.loc.gov/standards/marcxml/schema/MARC21slim.xsd"
    xmlns="http://www.loc.gov/MARC21/slim">

  <leader>01040nam a22002897b 4500</leader>
  <controlfield tag="003">3228</controlfield>
  <controlfield tag="005">20250918152245.0</controlfield>
  <controlfield tag="008">250917b        sa ||||| |||| 00| 0 eng d</controlfield>
  <datafield tag="020" ind1=" " ind2=" ">
    <subfield code="a">9781928326335</subfield>
    <subfield code="q">paperback</subfield>
  </datafield>
  <datafield tag="040" ind1=" " ind2=" ">
    <subfield code="a">MPL</subfield>
    <subfield code="c">3228</subfield>
    <subfield code="d">rda</subfield>
  </datafield>
  <datafield tag="082" ind1=" " ind2="0">
    <subfield code="a">896.3977510080 ANCE</subfield>
  </datafield>
  <datafield tag="245" ind1=" " ind2=" ">
    <subfield code="a">Setswana Heritage Writings With English Translations/</subfield>
    <subfield code="b">Volume 1 of 9</subfield>
  </datafield>
  <datafield tag="260" ind1=" " ind2=" ">
    <subfield code="a">Johannesburg:</subfield>
    <subfield code="b">South African Heritage Publishers:</subfield>
    <subfield code="c">&#xA9; 2022</subfield>
  </datafield>
  <datafield tag="300" ind1=" " ind2=" ">
    <subfield code="a">123 pages.</subfield>
    <subfield code="c">30 x 21 cm.</subfield>
  </datafield>
  <datafield tag="490" ind1=" " ind2=" ">
    <subfield code="a">Ancestral Voices.</subfield>
    <subfield code="v">Volume 1 of 9</subfield>
  </datafield>
  <datafield tag="700" ind1=" " ind2=" ">
    <subfield code="9">196620</subfield>
    <subfield code="a">Katumetsi, P</subfield>
    <subfield code="e">Author</subfield>
  </datafield>
  <datafield tag="700" ind1=" " ind2=" ">
    <subfield code="a">Kgasoe, P G</subfield>
    <subfield code="e">Author</subfield>
    <subfield code="9">196544</subfield>
  </datafield>
  <datafield tag="700" ind1=" " ind2=" ">
    <subfield code="9">196625</subfield>
    <subfield code="a">Letsapa E.W.M</subfield>
    <subfield code="e">Author</subfield>
  </datafield>
  <datafield tag="700" ind1=" " ind2=" ">
    <subfield code="9">196626</subfield>
    <subfield code="a">Kgang Maimane, J</subfield>
    <subfield code="e">Author</subfield>
  </datafield>
  <datafield tag="700" ind1=" " ind2=" ">
    <subfield code="9">196627</subfield>
    <subfield code="a">Masiangoako J R S</subfield>
    <subfield code="e">Author</subfield>
  </datafield>
  <datafield tag="700" ind1=" " ind2=" ">
    <subfield code="a">Mogorosi, B</subfield>
    <subfield code="e">Author</subfield>
    <subfield code="9">196523</subfield>
  </datafield>
  <datafield tag="700" ind1=" " ind2=" ">
    <subfield code="9">196628</subfield>
    <subfield code="a">Mogwe, T.O</subfield>
    <subfield code="e">Author</subfield>
  </datafield>
  <datafield tag="700" ind1=" " ind2=" ">
    <subfield code="9">196629</subfield>
    <subfield code="a">Mokgoatlheng, J.S</subfield>
    <subfield code="e">Author</subfield>
  </datafield>
  <datafield tag="700" ind1=" " ind2=" ">
    <subfield code="9">196630</subfield>
    <subfield code="a">Molete, A</subfield>
    <subfield code="e">Author</subfield>
  </datafield>
  <datafield tag="700" ind1=" " ind2=" ">
    <subfield code="9">196631</subfield>
    <subfield code="a">Sedumedi, K.P</subfield>
    <subfield code="e">Author</subfield>
  </datafield>
  <datafield tag="942" ind1=" " ind2=" ">
    <subfield code="2">ddc</subfield>
    <subfield code="c">BOOK</subfield>
    <subfield code="w">174</subfield>
    <subfield code="x">Sanet Schoeman</subfield>
    <subfield code="y">174</subfield>
    <subfield code="z">Sanet Schoeman</subfield>
  </datafield>
  <datafield tag="999" ind1=" " ind2=" ">
    <subfield code="c">785965</subfield>
    <subfield code="d">785964</subfield>
  </datafield>
  <datafield tag="952" ind1=" " ind2=" ">
    <subfield code="0">0</subfield>
    <subfield code="1">0</subfield>
    <subfield code="2">ddc</subfield>
    <subfield code="4">0</subfield>
    <subfield code="7">0</subfield>
    <subfield code="8">800</subfield>
    <subfield code="a">STANRL</subfield>
    <subfield code="b">EMBAL</subfield>
    <subfield code="c">Non_Fiction</subfield>
    <subfield code="d">2025-09-17</subfield>
    <subfield code="g">340.50</subfield>
    <subfield code="l">0</subfield>
    <subfield code="o">896.3977510080 ANCE</subfield>
    <subfield code="p">3228200045404</subfield>
    <subfield code="r">2025-09-17</subfield>
    <subfield code="w">2025-09-17</subfield>
    <subfield code="y">BOOK</subfield>
  </datafield>
  <datafield tag="952" ind1=" " ind2=" ">
    <subfield code="0">0</subfield>
    <subfield code="1">0</subfield>
    <subfield code="2">ddc</subfield>
    <subfield code="4">0</subfield>
    <subfield code="7">0</subfield>
    <subfield code="8">800</subfield>
    <subfield code="a">STANRL</subfield>
    <subfield code="b">DAGGL</subfield>
    <subfield code="c">Non_Fiction</subfield>
    <subfield code="d">2025-09-17</subfield>
    <subfield code="g">340.50</subfield>
    <subfield code="l">0</subfield>
    <subfield code="o">896.3977510080 ANCE</subfield>
    <subfield code="p">3228200045402</subfield>
    <subfield code="r">2025-09-17</subfield>
    <subfield code="w">2025-09-17</subfield>
    <subfield code="y">BOOK</subfield>
  </datafield>
  <datafield tag="952" ind1=" " ind2=" ">
    <subfield code="0">0</subfield>
    <subfield code="1">0</subfield>
    <subfield code="2">ddc</subfield>
    <subfield code="4">0</subfield>
    <subfield code="7">0</subfield>
    <subfield code="8">800</subfield>
    <subfield code="a">STANRL</subfield>
    <subfield code="b">SAKHL</subfield>
    <subfield code="c">Non_Fiction</subfield>
    <subfield code="d">2025-09-17</subfield>
    <subfield code="g">340.50</subfield>
    <subfield code="l">0</subfield>
    <subfield code="o">896.3977510080 ANCE</subfield>
    <subfield code="p">3228200045405</subfield>
    <subfield code="r">2025-09-17</subfield>
    <subfield code="w">2025-09-17</subfield>
    <subfield code="y">BOOK</subfield>
  </datafield>
  <datafield tag="952" ind1=" " ind2=" ">
    <subfield code="0">0</subfield>
    <subfield code="1">0</subfield>
    <subfield code="2">ddc</subfield>
    <subfield code="4">0</subfield>
    <subfield code="7">0</subfield>
    <subfield code="8">800</subfield>
    <subfield code="a">STANRL</subfield>
    <subfield code="b">EVANL</subfield>
    <subfield code="c">Non_Fiction</subfield>
    <subfield code="d">2025-09-17</subfield>
    <subfield code="g">340.50</subfield>
    <subfield code="l">0</subfield>
    <subfield code="o">896.3977510080 ANCE</subfield>
    <subfield code="p">3228200045401</subfield>
    <subfield code="r">2025-09-17</subfield>
    <subfield code="w">2025-09-17</subfield>
    <subfield code="y">BOOK</subfield>
  </datafield>
  <datafield tag="952" ind1=" " ind2=" ">
    <subfield code="0">0</subfield>
    <subfield code="1">0</subfield>
    <subfield code="2">ddc</subfield>
    <subfield code="4">0</subfield>
    <subfield code="7">0</subfield>
    <subfield code="8">800</subfield>
    <subfield code="a">STANRL</subfield>
    <subfield code="b">EMIZL</subfield>
    <subfield code="c">Non_Fiction</subfield>
    <subfield code="d">2025-09-17</subfield>
    <subfield code="g">340.50</subfield>
    <subfield code="l">0</subfield>
    <subfield code="o">896.3977510080 ANCE</subfield>
    <subfield code="p">3228200045403</subfield>
    <subfield code="r">2025-09-17</subfield>
    <subfield code="w">2025-09-17</subfield>
    <subfield code="y">BOOK</subfield>
  </datafield>
</record>
